[Event "Piacenza Ruscitti Memorial 2nd"]
[Site "Piacenza"]
[Date "2023.11.18"]
[Round "1"]
[White "Ubaldi, Rocco Alvaro"]
[Black "Fortunati, Luca"]
[Result "1-0"]
[WhiteElo "1493"]
[BlackElo "1123"]
[PlyCount "85"]
[EventDate "2023.11.18"]
[EventType "swiss"]
[EventRounds "5"]
[EventCountry "ITA"]
[SourceTitle "CB48_2023"]
[SourceDate "2023.11.29"]
[SourceVersion "1"]
[SourceVersionDate "2023.11.29"]
[SourceQuality "1"]

1. d4 Nf6 2. Bg5 g6 3. Bxf6 exf6 4. e4 Bg7 5. Nc3 d6 6. Bd3 0-0 7. Nge2 a6 8. 0-0 Nc6 9. d5 Ne5 10. Ng3 Nxd3 11. Qxd3 Bd7 12. f4 Re8 13. f5 b5 14. a3 Qb8 15. b4 a5 16. Rab1 axb4 17. axb4 Ra3 18. Qd2 h5 19. fxg6 fxg6 20. Rb3 Rxb3 21. cxb3 Kh7 22. h4 Bh6 23. Qd3 Kg7 24. Qf3 Qb6+ 25. Kh1 Rf8 26. Qd1 Bg4 27. Qd3 Qe3 28. Qxe3 Bxe3 29. Nxb5 Bb6 30. Rc1 Rf7 31. Na3 f5 32. exf5 gxf5 33. Nc4 Bf2 34. Kh2 f4 35. Ne4 Be3 36. Re1 Bd4 37. Ng5 Rf8 38. Re7+ Kg6 39. Rxc7 f3 40. gxf3 Bxf3 41. Ne6 Be5+ 42. Nxe5+ dxe5 43. Nxf8+ 1-0